Object-oriented programming using C++ / (Record no. 526941)

000 -LEADER
fixed length control field 01253cam a22003374a 4500
001 - CONTROL NUMBER
control field 15659281
003 - CONTROL NUMBER IDENTIFIER
control field NUST
005 - DATE AND TIME OF LATEST TRANSACTION
control field 20190720082615.0
008 - FIXED-LENGTH DATA ELEMENTS--GENERAL INFORMATION
fixed length control field 090313s2009 at a 001 0 eng
010 ## - LIBRARY OF CONGRESS CONTROL NUMBER
LC control number 2009285958
020 ## - INTERNATIONAL STANDARD BOOK NUMBER
International Standard Book Number 9781423902577
020 ## - INTERNATIONAL STANDARD BOOK NUMBER
International Standard Book Number 1423902572
038 ## - RECORD CONTENT LICENSOR
Staff Name Arshad
040 ## - CATALOGING SOURCE
Original cataloging agency DLC
Transcribing agency DLC
Modifying agency DLC
050 00 - LIBRARY OF CONGRESS CALL NUMBER
Classification number QA76.64
Item number .F37 2009
082 00 - DEWEY DECIMAL CLASSIFICATION NUMBER
Classification number 005.133
Author Mark FAR
100 1# - MAIN ENTRY--PERSONAL NAME
Personal name Farrell, Joyce.
9 (RLIN) 17948
245 10 - TITLE STATEMENT
Title Object-oriented programming using C++ /
Statement of responsibility, etc. Joyce Farrell.
250 ## - EDITION STATEMENT
Edition statement 4th ed.
260 ## - PUBLICATION, DISTRIBUTION, ETC.
Place of publication, distribution, etc. New Delhi :
Name of publisher, distributor, etc. Cengage Learning,
Date of publication, distribution, etc. 2009.
300 ## - PHYSICAL DESCRIPTION
Extent xxii, 794 p. :
Other physical details ill. ;
Dimensions 24 cm.
500 ## - GENERAL NOTE
General note Includes index.
650 #0 - SUBJECT ADDED ENTRY--TOPICAL TERM
Topical term or geographic name entry element Object-oriented programming (Computer science)
9 (RLIN) 3212
650 #0 - SUBJECT ADDED ENTRY--TOPICAL TERM
Topical term or geographic name entry element C (Computer program language)
9 (RLIN) 1226
856 42 - ELECTRONIC LOCATION AND ACCESS
Materials specified Contributor biographical information
Uniform Resource Identifier <a href="http://www.loc.gov/catdir/enhancements/fy1302/2009285958-b.html">http://www.loc.gov/catdir/enhancements/fy1302/2009285958-b.html</a>
856 42 - ELECTRONIC LOCATION AND ACCESS
Materials specified Publisher description
Uniform Resource Identifier <a href="http://www.loc.gov/catdir/enhancements/fy1302/2009285958-d.html">http://www.loc.gov/catdir/enhancements/fy1302/2009285958-d.html</a>
856 41 - ELECTRONIC LOCATION AND ACCESS
Materials specified Table of contents only
Uniform Resource Identifier <a href="http://www.loc.gov/catdir/enhancements/fy1302/2009285958-t.html">http://www.loc.gov/catdir/enhancements/fy1302/2009285958-t.html</a>
906 ## - LOCAL DATA ELEMENT F, LDF (RLIN)
a 7
b cbc
c origcop
d 3
e ncip
f 20
g y-gencatlg
942 ## - ADDED ENTRY ELEMENTS (KOHA)
Source of classification or shelving scheme
Koha item type Book
Holdings
Withdrawn status Lost status Source of classification or shelving scheme Damaged status Not for loan Permanent Location Current Location Shelving location Date acquired Source of acquisition Cost, normal purchase price Total Checkouts Full call number Barcode Date last seen Copy number Price effective from Koha item type
          NUST Baluchistan Campus (NBC) NUST Baluchistan Campus (NBC) Book Cart 07/18/2019 Purchased 0.00   005.133 FAR Q-74 07/18/2019 1 07/18/2019 Book
© 2023 Central Library, National University of Sciences and Technology. All Rights Reserved.